A tűz csiholói

Elmentve itt :
Bibliográfiai részletek
Dokumentumtípus: Cikk
Megjelent: 1968-11-24
Sorozat:Délmagyarország 58 No. 276
Kulcsszavak:Csehók Borbála, Dáni Jánosné, Füssy László, Galiba Imre, Gladits Gyula, Kiss Pál, Müller Dezső, Ördögh Etelka, Rékasi László, Soós Károly, Tombácz Imre, Waltner Mihály, Magyar Kommunista Párt évforduló 1968
Online Access:http://dmarchiv.bibl.u-szeged.hu/61589
LEADER 00603nab a2200145 i 4500
001 delm61589
005 20180927144522.0
008 180927s1968 hu o 0|| hun d
040 |a SZTE Délmagyarország Archívum  |b hun 
041 |a hun 
245 0 2 |a A tűz csiholói  |h [elektronikus dokumentum] 
260 |c 1968-11-24 
300 |a 8-9 
490 0 |a Délmagyarország  |v 58 No. 276 
695 |a Csehók Borbála, Dáni Jánosné, Füssy László, Galiba Imre, Gladits Gyula, Kiss Pál, Müller Dezső, Ördögh Etelka, Rékasi László, Soós Károly, Tombácz Imre, Waltner Mihály, Magyar Kommunista Párt évforduló 1968